|
|
|
|
| LEADER |
00000cam a22000004a 4500 |
| 001 |
musev2_71820 |
| 003 |
MdBmJHUP |
| 005 |
20230905051411.0 |
| 006 |
m o d |
| 007 |
cr||||||||nn|n |
| 008 |
860702s1986 nju o 00 0 eng d |
| 010 |
|
|
|z 86042845
|
| 020 |
|
|
|a 9780691206790
|
| 020 |
|
|
|z 9780691084428
|
| 020 |
|
|
|z 9780691084411
|
| 035 |
|
|
|a (OCoLC)1227051953
|
| 040 |
|
|
|a MdBmJHUP
|c MdBmJHUP
|
| 100 |
1 |
|
|a Stephens, David W.,
|d 1955-
|
| 245 |
1 |
0 |
|a Foraging Theory /
|c David W. Stephens and John R. Krebs.
|
| 264 |
|
1 |
|a Princeton, N.J. :
|b Princeton University Press,
|c 1986.
|
| 264 |
|
3 |
|a Baltimore, Md. :
|b Project MUSE,
|c 2021
|
| 264 |
|
4 |
|c ©1986.
|
| 300 |
|
|
|a 1 online resource:
|b illustrations ;
|
| 336 |
|
|
|a text
|b txt
|2 rdacontent
|
| 337 |
|
|
|a computer
|b c
|2 rdamedia
|
| 338 |
|
|
|a online resource
|b cr
|2 rdacarrier
|
| 490 |
0 |
|
|a Monographs in behavior and ecology
|
| 505 |
0 |
|
|a Foraging economics: the logic of formal modeling -- Average-rate maximizing: the prey and patch models -- Average-rate maximizing again: changed constraints -- Incomplete information -- The economics of choice: trade-offs and herbivory -- Rish-sensitive foraging -- Dynamic optimization: the logic of multi-stage decision making -- More on constraints: rules of thumb and satisficing -- Testing foraging models -- Optimization models in behavioral ecology: the spandrel meets its arch-rival
|
| 520 |
|
|
|a This account of the current state of foraging theory is also a valuable description of the use of optimality theory in behavioral ecology in general. Organizing and introducing the main research themes in economic analyses of animal feeding behavior, the authors analyze the empirical evidence bearing on foraging models and answer criticisms of optimality modeling. They explain the rationale for applying optimality models to the strategies and mechanics of foraging and present the basic "average-rate maximizing" models and their extensions. The work discusses new directions in foraging research: incorporating incomplete information and risk-sensitive behavior in foraging models; analyzing trade-offs, such as nutrient requirements and the threat of being eaten while foraging; formulating dynamic models; and building constrained optimization models that assume that foragers can use only simple "rules of thumb." As an analysis of these and earlier research developments and as a contribution to debates about the role of theory in evolutionary biology. Foraging Theory will appeal to a wide range of readers, from students to research professionals, in behavioral ecology, population and community ecology, animal behavior, and animal psychology, and especially to those planning empirical tests of foraging models. Annotation Published: September 2014.
|
| 588 |
|
|
|a Description based on print version record.
|
| 650 |
0 |
7 |
|a Tiere.
|2 swd
|
| 650 |
|
7 |
|a Animaux
|x Alimentation.
|2 ram
|
| 650 |
|
7 |
|a Animal ecology.
|2 nli
|
| 650 |
|
7 |
|a Animals
|x Food.
|2 nli
|
| 650 |
|
7 |
|a Modell
|2 gnd
|
| 650 |
|
7 |
|a Optimierung
|2 gnd
|
| 650 |
|
7 |
|a Nahrungserwerb
|2 gnd
|
| 650 |
|
7 |
|a Animals
|x Food.
|2 fast
|0 (OCoLC)fst00809499
|
| 650 |
|
6 |
|a Animaux
|x Alimentation.
|
| 650 |
0 |
4 |
|a ökológia
|x táplálkozás
|x modellek
|
| 650 |
|
2 |
|a Models, Theoretical.
|
| 650 |
|
2 |
|a Food Supply.
|
| 650 |
|
2 |
|a Behavior, Animal.
|
| 650 |
|
0 |
|a Animals
|x Food.
|
| 630 |
0 |
7 |
|a Animal
|f 2017
|g Bildband
|2 gnd
|
| 655 |
|
7 |
|a Electronic books.
|2 local
|
| 700 |
1 |
|
|a Krebs, J. R.
|q (John R.)
|
| 710 |
2 |
|
|a Project Muse.
|e distributor
|
| 830 |
|
0 |
|a Book collections on Project MUSE.
|
| 856 |
4 |
0 |
|z Texto completo
|u https://projectmuse.uam.elogim.com/book/71820/
|
| 945 |
|
|
|a Project MUSE - Custom Collection
|
| 945 |
|
|
|a Project MUSE - Archive Complete Supplement IX
|
| 945 |
|
|
|a Project MUSE - Archive Ecology and Evolution Supplement VIII
|